00354nam a2200109 a 4500008004100000050001800041110002300059245008000082260004100162300001500203650002600218140520s2009 ||||||||||||||||| || u aEUROFRUIT(05) aEurofruit Magazine10aTrade South Africa 2009: a publication of Eurofruit magazinecby Eurofruit  aCape Town:bEurofruit Magazinec2009 a32p.: ill. aFRUITS-- SOUTH AFRICA